000 00335nam a2200145Ia 4500
008 150201s2010 xx 000 0 und d
082 _a611
_bC10R
100 _aRAYAPATI , S. JNANESH
245 _aCLINICALLY ORIENTED ANATOMY
250 _a1ST
260 _bCBS
_aDELHI
_c2010
300 _a317
650 _aANATOMY
942 _2ddc
_cBK
999 _c1936
_d1936